| 000 | 00535nam a22001817a 4500 | ||
|---|---|---|---|
| 005 | 20171118105557.0 | ||
| 010 | _aENG-121447 | ||
| 020 |
_a9789325986688 _c550.00 |
||
| 035 | _aEN-104979 | ||
| 037 | _bDBAD/PUB | ||
| 082 | _a338.5024658 | ||
| 100 | _a Dwivedi, D. N. | ||
| 245 |
_aManagerial economics / _cby D. N. Dwivedi |
||
| 260 |
_aNoida _bVikas Publishing House _c2017 |
||
| 270 |
_aE-28, Sector 8, _bNoida (UP) _e201301 |
||
| 300 |
_axxxii,831p. : _c24cm(pbk) _bill. |
||
| 942 |
_2ddc _cEN _h338.5024658 _mDWI |
||
| 999 |
_c147515 _d147515 |
||